000 nam a22 7a 4500
999 _c8576
_d8576
008 180118b ||||| |||| 00| 0 eng d
100 _aBhanot D. P
_94959
245 _aEnglish Grammar
260 _aNew Delhi
_bHoly Faith
_c2009